Nonlinear partial differential equations : (from a conference in Fes)

Αποθηκεύτηκε σε:
Λεπτομέρειες βιβλιογραφικής εγγραφής
Άλλοι συγγραφείς: Benkirane, A. (Επιμελητής έκδοσης), Gossez, J. P. 1943- (Επιμελητής έκδοσης)
Μορφή: Βιβλίο
Γλώσσα:English
Δημοσίευση: Harlow : Longman, c1996
Σειρά:Pitman research notes in mathematics series ; ; 343
Θέματα:
Ετικέτες: Προσθήκη ετικέτας
Δεν υπάρχουν, Καταχωρήστε ετικέτα πρώτοι!

MARC

LEADER 00000nam a2200000 i 4500
001 1/76090
008 990331s1996 eng d
020 |a 0-582-29213-1 
035 |l 10049510 
040 |a GR-MY-UA  |b gre  |e aacr 
041 0 |a eng 
082 0 |a 515.353 
245 1 0 |a Nonlinear partial differential equations :  |b (from a conference in Fes) /  |c [edited by] A. Benkirane, J.-P. Gossez 
260 |a Harlow :   |b Longman,   |c c1996 
300 |a 203 p.;  |b ill.;  |c 25 cm. 
490 1 |a Pitman research notes in mathematics series  |v ; 343 
504 |a Includes bibliographical references 
650 0 0 |a Differential equations, Nonlinear  |x Congresses. 
650 0 0 |a Differential equations, Partial  |x Congresses. 
700 1 |a Benkirane, A.  |4 edt 
700 1 |a Gossez, J. P.  |d 1943-  |4 edt 
830 0 |a Pitman research notes in mathematics series ;  |v ; 343 
852 |a INST  |b SAMOS  |e 19990331  |h 515.353 NON  |p 005300012956  |q 005300012956  |t BK  |y 0 
901 |a BIBL-1999-1 
909 |a Σ  |b 063903 
922 |a 3ΕΛΗ  |b 199901  |c ΚΠΣ  |d GLORY